| 000 | 00427nab a2200145Ia 4500 | ||
|---|---|---|---|
| 003 | ES-SlBCS | ||
| 005 | 20210601130452.0 | ||
| 008 | 140529s1977 xxu||||| |||| 00| 0 fre d | ||
| 041 | _afre | ||
| 100 | 1 |
_aRostenne, Paul _9173288 |
|
| 245 | 0 | 0 |
_aEros et Agapè (I y II) _c Paul Rostenne |
| 651 | 4 |
_aEros _9138860 |
|
| 773 | 0 |
_tGiornali di Metafisica _gvol. 32, nº. 1-2 / 4-5, 1977, págs. 3-25 / 328-363 _w0017-0372 |
|
| 942 | _cAR | ||
| 999 |
_c547193 _d547193 |
||